000 00223 a2200097 4500
001 11312
100 _aStoessinger, J.
245 _aThe United Nation & the Supar Power
260 _a
_bRandom House
_c
090 _c8863
_d8863
942 _aNUST-CAE
_cM
_c35670
999 _c246385
_d246385